000 00686nam a22002175i 4500
001 168943
003 ES-MaACL
005 20230906213938.0
008 080630s1920 fr |||| | fre d
080 _a821.133.1-14"19"
100 1 _aSoupault, Philippe.
_9107567
245 1 0 _aRose des vents /
_cPhilippe Soupault ; avec quatre dessins de Marc Chagall.
260 _aParis :
_bAu Sans Pareil,
_c1920.
300 _a[48] p. :
_bil. ;
_c19 cm.
490 1 _aCollection de littérature
700 1 _aChagall, Marc.
_937784
830 0 _aCollection de littérature
_9188833
852 _aES-MaACL
_j2241-F-10
_9R.142956
852 _aES-MaACL
_j1625-F-1
999 _c168943
_d168943